Kālidāsa ke pakshī. (Record no. 61023)

MARC details
000 -LEADER
fixed length control field 00625cam a22002411 4500
001 - CONTROL NUMBER
control field sa 64008763
003 - CONTROL NUMBER IDENTIFIER
control field DLC
005 - DATE AND TIME OF LATEST TRANSACTION
control field 20260227112056.0
008 - FIXED-LENGTH DATA ELEMENTS--GENERAL INFORMATION
fixed length control field 890727s1964 ii a b 000 0 hino
010 ## - LIBRARY OF CONGRESS CONTROL NUMBER
LC control number sa 64008763
035 ## - SYSTEM CONTROL NUMBER
System control number (OCoLC)20080429
040 ## - CATALOGING SOURCE
Original cataloging agency DLC
Transcribing agency WaU
Modifying agency DLC
042 ## - AUTHENTICATION CODE
Authentication code premarc
050 00 - LIBRARY OF CONGRESS CALL NUMBER
Classification number PK3797
Item number .V36
100 1# - MAIN ENTRY--PERSONAL NAME
Personal name Vedālaṅkāra, Haridatta,
Dates associated with a name 1917-
245 10 - TITLE STATEMENT
Title Kālidāsa ke pakshī.
260 ## - PUBLICATION, DISTRIBUTION, ETC.
Date of publication, distribution, etc. [1964]
300 ## - PHYSICAL DESCRIPTION
Extent 2, 194 p.
Other physical details illus. (part col.)
Dimensions 25 cm.
500 ## - GENERAL NOTE
General note In Hindi.
504 ## - BIBLIOGRAPHY, ETC. NOTE
Bibliography, etc. note Bibliography: p. [183]-[185]
600 00 - SUBJECT ADDED ENTRY--PERSONAL NAME
Personal name Kālidāsa.
650 #0 - SUBJECT ADDED ENTRY--TOPICAL TERM
Topical term or geographic name entry element Birds in literature.

No items available.

Powered by Koha